Fatawa Islamiyah Islamic Verdicts (Vol-3) / (Record no. 197085)
[ view plain ]
| 000 -LEADER | |
|---|---|
| fixed length control field | 00577 a2200157 4500 |
| 003 - CONTROL NUMBER IDENTIFIER | |
| control field | NUST |
| 005 - DATE AND TIME OF LATEST TRANSACTION | |
| control field | 20221209145525.0 |
| 040 ## - CATALOGING SOURCE | |
| Transcribing agency | Nust |
| 082 ## - DEWEY DECIMAL CLASSIFICATION NUMBER | |
| Classification number | 297.55,BAZ |
| 100 ## - MAIN ENTRY--PERSONAL NAME | |
| Personal name | Baz , Shaykh Abdul Aziz Bin Abdullah Bin |
| 9 (RLIN) | 104566 |
| 245 ## - TITLE STATEMENT | |
| Title | Fatawa Islamiyah Islamic Verdicts (Vol-3) / |
| Statement of responsibility, etc. | Shaykh Abdul Aziz Bin Abdullah Bin Baz |
| 260 ## - PUBLICATION, DISTRIBUTION, ETC. | |
| Place of publication, distribution, etc. | London |
| Name of publisher, distributor, etc. | Darussalam |
| Date of publication, distribution, etc. | 2001 |
| 300 ## - PHYSICAL DESCRIPTION | |
| Extent | 396 p .: |
| 505 ## - FORMATTED CONTENTS NOTE | |
| Formatted contents note | Ruling Pertaining to the Masjids (Page-1), The Book of Funerals (Page-55), The Book of Az-Zakah (Page-148), The Book of Fasting (Page-211). |
| 942 ## - ADDED ENTRY ELEMENTS (KOHA) | |
| Source of classification or shelving scheme | |
| Koha item type | Book |
| Call number prefix | 297.55,BAZ |
| Withdrawn status | Lost status | Source of classification or shelving scheme | Damaged status | Not for loan | Collection code | Permanent Location | Current Location | Date acquired | Total Checkouts | Full call number | Barcode | Date last seen | Price effective from | Koha item type | Shelving location | Public note |
|---|---|---|---|---|---|---|---|---|---|---|---|---|---|---|---|---|
| Military College of Signals (MCS) | Military College of Signals (MCS) | 12/12/2016 | 297.55 BAZ | MCS33082 | 12/08/2016 | 12/12/2016 | Book | |||||||||
| Military College of Signals (MCS) | Military College of Signals (MCS) | 12/12/2016 | 297.55 BAZ | MCS33083 | 12/08/2016 | 12/12/2016 | Book | |||||||||
| Military College of Signals (MCS) | Military College of Signals (MCS) | 12/12/2016 | 297.55,BAZ | MCS33084 | 12/08/2016 | 12/12/2016 | Book | General Stacks | Almirah No.47, Shelf No.4 |
